MARC details
| 000 -CABECERA |
| campo de control de longitud fija |
02264nam a2200289 i 4500 |
| 003 - IDENTIFICADOR DEL NÚMERO DE CONTROL |
| campo de control |
DO-SdBNP |
| 005 - FECHA Y HORA DE LA ÚLTIMA TRANSACCIÓN |
| campo de control |
20250731145420.0 |
| 007 - CAMPO FIJO DE DESCRIPCIÓN FÍSICA--INFORMACIÓN GENERAL |
| campo de control de longitud fija |
ta |
| 008 - DATOS DE LONGITUD FIJA--INFORMACIÓN GENERAL |
| campo de control de longitud fija |
250421b2024 dr a|||| |||| 00| 0 spa d |
| 020 ## - NÚMERO INTERNACIONAL ESTÁNDAR DEL LIBRO |
| Número Internacional Estándar del Libro |
9789945188486 |
| 040 ## - FUENTE DE LA CATALOGACIÓN |
| Centro catalogador/agencia de origen |
DO-SdBNP |
| Lengua de catalogación |
spa |
| Centro/agencia transcriptor |
BNPHU |
| Normas de descripción |
rda |
| 041 ## - CÓDIGO DE LENGUA |
| Código de lengua del texto/banda sonora o título independiente |
spa |
| 082 #4 - NÚMERO DE LA CLASIFICACIÓN DECIMAL DEWEY |
| Número de clasificación |
523.12 |
| Número de documento/Ítem |
V297a |
| Número de edición |
22 |
| 100 1# - ENTRADA PRINCIPAL--NOMBRE DE PERSONA |
| Nombre de persona |
Vargas López, Rafael Antonio, |
| Término indicativo de función/relación |
autor |
| Código de función/relación |
aut. |
| 9 (RLIN) |
87204 |
| 245 13 - MENCIÓN DE TÍTULO |
| Título |
El abrazo de la eternidad : |
| Resto del título |
danza con la singularidad / |
| Mención de responsabilidad, etc. |
Rafael Antonio Vargas López |
| 264 #4 - PRODUCCIÓN, PUBLICACIÓN, DISTRIBUCIÓN, FABRICACIÓN Y COPYRIGHT |
| Producción, publicación, distribución, fabricación y copyright |
Santo Domingo : |
| Nombre del de productor, editor, distribuidor, fabricante |
Editor no identificado, |
| Fecha de producción, publicación, distribución, fabricación o copyright |
©2024. |
| 300 ## - DESCRIPCIÓN FÍSICA |
| Extensión |
554 páginas : |
| Otras características físicas |
ilustraciones ; |
| Dimensiones |
23 cm. |
| 336 ## - TIPO DE CONTENIDO |
| Término de tipo de contenido |
texto |
| Código de tipo de contenido |
txt |
| Fuente |
rdacontent |
| 337 ## - TIPO DE MEDIO |
| Nombre/término del tipo de medio |
sin mediación |
| Código del tipo de medio |
n |
| Fuente |
rdamedia |
| 338 ## - TIPO DE SOPORTE |
| Nombre/término del tipo de soporte |
volumen |
| Código del tipo de soporte |
nc |
| Fuente |
rdacarrier |
| 505 ## - NOTA DE CONTENIDO CON FORMATO |
| Nota de contenido con formato |
Raíces de gratitud -- |
| Título |
La conferencia mundial -- |
| -- |
La vida de Rael -- |
| -- |
El cielo de los elegidos -- |
| -- |
El infierno interior -- |
| -- |
La trascendencia infinita -- |
| -- |
Los susurros de liana -- |
| -- |
Los susurros de liana -- |
| -- |
El espejo del alma -- |
| -- |
La convergencia de los caminos -- |
| -- |
Reflejos cuánticos del alma -- |
| -- |
El lápiz, el cristal y el beso -- |
| -- |
El eco del atractor -- |
| -- |
El enigma -- |
| -- |
El laberinto de la mente -- |
| -- |
La seducción de la inmortalidad -- |
| -- |
El presagio del enfrentamiento -- |
| -- |
El último reflejo -- |
| -- |
El llamado de la eternidad -- |
| -- |
La danza con la singularidad -- |
| 505 ## - NOTA DE CONTENIDO CON FORMATO |
| Nota de contenido con formato |
Capítulo 1. Raíces de gratitud -- Capítulo 2. La conferencia mundial -- Capítulo 3. La vida de Rael -- Capítulo 4. El cielo de los elegidos -- Capítulo 5. El infierno interior -- Capítulo 6. La trascendencia infinita -- Capítulo 7. Los susurros de liana -- Capítulo 8. Los lazos que nos unen -- Capítulo 9. El espejo del alma -- Capítulo 10. La convergencia de los caminos -- Capítulo 11. Reflejos cuánticos del alma -- Capitulo 12. El lápiz, el cristal y el beso -- Capítulo 13. El eco del atractor -- Capitulo 14. El enigma -- Capitulo 15. El laberinto de la mente --Capitulo 16. La seducción de la inmortalidad -- Capitulo 17. El presagio del enfrentamiento -- Capitulo 18. El último reflejo -- Capitulo 19. El llamado de la eternidad -- Capitulo 20. La danza con la singularidad |
| 590 ## - NOTA LOCAL (RLIN) |
| Nota local |
Inventariado, 2025/BT |
| 650 #4 - PUNTO DE ACCESO ADICIONAL DE MATERIA--TÉRMINO DE MATERIA |
| Término de materia o nombre geográfico como elemento de entrada |
Cosmología |
| 9 (RLIN) |
1848 |
| 910 ## - DATOS DE OPCIÓN DEL USUARIO (OCLC) |
| Datos de opción del usuario |
Btavárez. Valida. Control de Calidad/MAA |
| 942 ## - ELEMENTOS DE PUNTO DE ACCESO ADICIONAL (KOHA) |
| Fuente del sistema de clasificación o colocación |
Dewey Decimal Classification |
| Tipo de ítem Koha |
Libro |